[Event "Nat. Club Intermediate"]
[Site "Birmingham ENG"]
[Date "2015.04.11"]
[Round "1.55"]
[White "Boardman, Jeffrey"]
[Black "Ali, Golam S"]
[Result "1-0"]
[WhiteElo "179"]
[BlackElo "154"]
[PlyCount "110"]
[EventDate "2015.04.11"]
[WhiteTeam "Wanstead & Woodford 2"]
[BlackTeam "Sutton Coldfield 2"]

1. e4 c5 2. Nf3 Nc6 3. d4 cxd4 4. Nxd4 d6 5. c4 Nf6 6. Nc3 e6 7. Be3 Be7 8. Be2
a6 9. O-O Bd7 10. f4 Qc7 11. Qe1 Nxd4 12. Bxd4 Bc6 13. Bd3 O-O 14. Qg3 Nh5 15.
Qe3 Rab8 16. Bb6 Qd7 17. e5 g6 18. Ne4 d5 19. Nd6 f5 20. Rad1 Bxd6 21. exd6 Nf6
22. c5 Rbe8 23. Ba5 e5 24. fxe5 Ng4 25. Qd4 Qg7 26. Bc3 Qxe5 27. Qxe5 Nxe5 28.
Bxe5 Rxe5 29. Rfe1 Rfe8 30. Kf2 Kf7 31. Rxe5 Rxe5 32. b4 Ke6 33. Ra1 Ba4 34.
Rb1 d4 35. Bc4+ Kd7 36. Re1 Rxe1 37. Kxe1 Bc6 38. g3 g5 39. Kd2 Be4 40. a4 h5
41. h4 g4 42. Bf7 f4 43. Bxh5 fxg3 44. Bxg4+ Kd8 45. Ke2 d3+ 46. Kf1 Bd5 47. h5
d2 48. Bd1 Bc6 49. h6 Be4 50. Kg1 Kd7 51. a5 Ke6 52. h7 Bxh7 53. Kg2 Be4+ 54.
Kxg3 Bc6 55. Kf4 Kf7 {Scoresheets illegible beyond here.} 1-0

[Event "Nat. Club Intermediate"]
[Site "Birmingham ENG"]
[Date "2015.04.11"]
[Round "1.56"]
[White "Mildenhall, John"]
[Black "Murrell, Mark RA"]
[Result "1-0"]
[WhiteElo "158"]
[BlackElo "158"]
[PlyCount "91"]
[EventDate "2015.04.11"]
[WhiteTeam "Sutton Coldfield 2"]
[BlackTeam "Wanstead & Woodford 2"]

1. e4 c5 2. Nf3 e6 3. d4 cxd4 4. Nxd4 Nf6 5. Nc3 Nc6 6. Nxc6 bxc6 7. Bd3 Be7 8.
O-O d5 9. e5 Nd7 10. f4 Nc5 11. Kh1 Nxd3 12. cxd3 Ba6 13. Rf3 Qb6 14. d4 Bb5
15. Be3 Rc8 16. Rc1 Kd7 17. g4 Rhf8 18. f5 Qb7 19. Qb3 Rb8 20. Qc2 g6 21. Qf2
Bd3 22. Bh6 Be4 23. Nxe4 dxe4 24. Rb3 Qa8 25. Bxf8 Rxb3 26. axb3 Qxf8 27. Qc2
Qc8 28. Qxe4 Qb7 29. Qf3 Qb6 30. fxe6+ fxe6 31. Kg2 a5 32. Rc2 h5 33. gxh5 gxh5
34. Qxh5 Qxb3 35. Qe2 Qd5+ 36. Qf3 Qb5 37. Qe4 c5 38. dxc5 Bxc5 39. h4 Be7 40.
h5 Qd5 41. Qxd5+ exd5 42. h6 Bf8 43. h7 Bg7 44. Re2 Ke6 45. Kf1 d4 46. Ke1 1-0

[Event "Nat. Club Intermediate"]
[Site "Birmingham ENG"]
[Date "2015.04.11"]
[Round "1.57"]
[White "Warden, Michael J"]
[Black "Brown, Noel A"]
[Result "0-1"]
[WhiteElo "134"]
[BlackElo "134"]
[PlyCount "100"]
[EventDate "2015.04.11"]
[WhiteTeam "Wanstead & Woodford 2"]
[BlackTeam "Sutton Coldfield 2"]

1. e4 Nc6 2. d4 e5 3. Nf3 exd4 4. Nxd4 Nxd4 5. Qxd4 Nf6 6. Nc3 d6 7. Bc4 Be7 8.
Bf4 O-O 9. O-O-O Nd7 10. Nd5 Nc5 11. Nxe7+ Qxe7 12. Rhe1 Ne6 13. Qe3 Nxf4 14.
Qxf4 Be6 15. Bxe6 fxe6 16. Qg3 e5 17. Kb1 Qe6 18. f3 a5 19. h4 a4 20. a3 b5 21.
Rd3 Rfb8 22. f4 exf4 23. Qxf4 b4 24. Qf5 Qc4 25. Qd5+ Qxd5 26. exd5 bxa3 27.
Rxa3 Rb5 28. c4 Rb4 29. Rc1 Rab8 30. Rc2 Re8 31. Ka2 Re4 32. c5 Rxh4 33. cxd6
cxd6 34. Rf3 Rhf4 35. Rc6 Rxf3 36. gxf3 h5 37. Rxd6 h4 38. Rd8+ Kf7 39. Rd7+
Kg6 40. d6 Rd4 41. Rd8 Kg5 42. Rg8 Kf6 43. Rh8 Ke6 44. Rg8 Kf7 45. Rh8 g5 46.
Rh7+ Kg6 47. Ra7 h3 48. d7 h2 49. Rxa4 Rxa4+ 50. Kb3 Rd4 0-1

[Event "Nat. Club Intermediate"]
[Site "Birmingham ENG"]
[Date "2015.04.11"]
[Round "1.58"]
[White "Lawson, Keith"]
[Black "Haddock, Paul"]
[Result "1/2-1/2"]
[WhiteElo "132"]
[BlackElo "128"]
[PlyCount "93"]
[EventDate "2015.04.11"]
[WhiteTeam "Sutton Coldfield 2"]
[BlackTeam "Wanstead & Woodford 2"]

1. c4 Nf6 2. Nc3 g6 3. Nf3 Bg7 4. e4 d6 5. Be2 O-O 6. O-O Nbd7 7. d4 e5 8. dxe5
Nxe5 9. Nxe5 dxe5 10. Qc2 c6 11. Bg5 Qc7 12. Rac1 Be6 13. Rfd1 Rad8 14. Qa4 a6
15. Qa3 h6 16. Bh4 Rxd1+ 17. Rxd1 Rd8 18. f3 Rxd1+ 19. Nxd1 Qd7 20. Qc3 Qd4+
21. Bf2 Qxc3 22. Nxc3 Bf8 23. Na4 Nd7 24. b3 f5 25. Bd3 Kf7 26. Kf1 Bb4 27. Ke2
b5 28. cxb5 cxb5 29. Nb6 Nxb6 30. Bxb6 Ke7 31. Be3 h5 32. h3 f4 33. Bd2 Bxd2
34. Kxd2 h4 35. Kc3 Kd6 36. Kb4 Kc6 37. a4 bxa4 38. bxa4 Bc8 39. a5 Bb7 40. Bc4
Bc8 41. Bd5+ Kd6 42. Bc4 Bb7 43. Bf7 g5 44. Kc4 Bc6 45. Kb4 Bb5 46. Bc4 Bxc4
47. Kxc4 1/2-1/2

[Event "Nat. Club Intermediate"]
[Site "Birmingham ENG"]
[Date "2015.04.11"]
[Round "1.65"]
[White "Paul, Nathanael"]
[Black "Smith, Simon C"]
[Result "0-1"]
[WhiteElo "169"]
[BlackElo "172"]
[PlyCount "64"]
[EventDate "2015.04.11"]
[WhiteTeam "Newport (Salop)"]
[BlackTeam "Warley Quinborne"]

1. e4 e6 2. d4 d5 3. exd5 exd5 4. Nf3 Nf6 5. Bd3 c5 6. c3 Nc6 7. a3 Bd6 8. O-O
O-O 9. Bg5 h6 10. Bh4 Bg4 11. dxc5 Bxc5 12. Nbd2 Re8 13. Qc2 Rc8 14. Rae1 Rxe1
15. Rxe1 Bb6 16. Qa4 Be6 17. Bb1 d4 18. Ne4 g5 19. Nfxg5 Nxe4 20. Nxe6 Qxh4 21.
Rxe4 Qf6 22. Nf4 dxc3 23. Qd1 Rd8 24. Qe1 Ne5 25. Nh5 Qxf2+ 26. Kh1 Qxe1+ 27.
Rxe1 cxb2 28. h3 Rc8 29. Nf6+ Kh8 30. Kh2 Rc1 31. Rh1 Bc7 32. Nd5 Nf3# 0-1

[Event "Nat. Club Intermediate"]
[Site "Birmingham ENG"]
[Date "2015.04.11"]
[Round "1.66"]
[White "Turner, Jon"]
[Black "Maydew, Simon"]
[Result "0-1"]
[WhiteElo "161"]
[BlackElo "148"]
[PlyCount "78"]
[EventDate "2015.04.11"]
[WhiteTeam "Warley Quinborne"]
[BlackTeam "Newport (Salop)"]

1. e4 d5 2. exd5 Qxd5 3. Nc3 Qd6 4. d4 Nf6 5. Bc4 a6 6. Nge2 Qc6 7. Qd3 Qxg2 8.
Rg1 Qh3 9. Qxh3 Bxh3 10. Bf4 c6 11. O-O-O e6 12. Rd3 Bf5 13. Rf3 Nbd7 14. Bc7
Rc8 15. Ba5 b6 16. Bxa6 Rb8 17. Re1 bxa5 18. Ng3 Bg4 19. Rfe3 g6 20. Nge4 Nxe4
21. Nxe4 Bh6 22. Nd6+ Ke7 23. Ne4 Bxe3+ 24. fxe3 f5 25. Nf2 Bf3 26. Nh3 Nf6 27.
Ng5 Be4 28. b3 h6 29. Nh3 g5 30. Be2 a4 31. Kb2 axb3 32. cxb3 Ra8 33. Nf2 Ra7
34. Nd1 Rha8 35. Nc3 Nd5 36. a4 Nxc3 37. Kxc3 Bd5 38. Rb1 Rb8 39. Bd1 Rxa4 0-1

[Event "Nat. Club Intermediate"]
[Site "Birmingham ENG"]
[Date "2015.04.11"]
[Round "1.67"]
[White "Lewis, Christopher"]
[Black "Pakenham, John H"]
[Result "0-1"]
[WhiteElo "153"]
[BlackElo "116"]
[PlyCount "32"]
[EventDate "2015.04.11"]
[WhiteTeam "Newport (Salop)"]
[BlackTeam "Warley Quinborne"]

1. e4 e5 2. Nf3 d6 3. d4 Bg4 4. dxe5 Bxf3 5. Qxf3 dxe5 6. Bc4 Qe7 7. O-O Nf6 8.
Nc3 c6 9. Bg5 Nbd7 10. Rfd1 Rd8 11. Rd2 Qc5 12. Bb3 Be7 13. Rad1 O-O 14. Na4
Qa5 15. Rxd7 Rxd7 16. Rxd7 Qe1# 0-1

[Event "Nat. Club Intermediate"]
[Site "Birmingham ENG"]
[Date "2015.04.11"]
[Round "1.68"]
[White "Rawlings, Wendell S"]
[Black "Paul, Christopher"]
[Result "0-1"]
[WhiteElo "122"]
[BlackElo "122"]
[PlyCount "82"]
[EventDate "2015.04.11"]
[WhiteTeam "Warley Quinborne"]
[BlackTeam "Newport (Salop)"]

1. e4 c5 2. c3 d6 3. Bc4 e6 4. Nf3 a6 5. a4 Nf6 6. d3 Nc6 7. Bg5 Be7 8. O-O d5
9. exd5 exd5 10. Ba2 O-O 11. Nbd2 Bf5 12. Bb1 Bg6 13. Nb3 b6 14. d4 Bxb1 15.
Rxb1 c4 16. Nbd2 h6 17. Bh4 b5 18. axb5 axb5 19. Ra1 Rxa1 20. Qxa1 Qc7 21. Bg3
Qb7 22. b4 Rd8 23. Ne5 Bd6 24. Nxc6 Qxc6 25. Qa5 Ra8 26. Qxa8+ Qxa8 27. Bxd6
Qa3 28. Nb1 Qb2 29. f3 g5 30. Be5 Nd7 31. Bg3 f5 32. h4 Nf8 33. hxg5 hxg5 34.
Bf2 Ne6 35. g3 Kf7 36. Be3 f4 37. gxf4 gxf4 38. Bf2 Ng5 39. Kg2 Qe2 40. Re1
Qxf3+ 41. Kf1 Nh3 0-1

[Event "Nat. Club Intermediate"]
[Site "Birmingham ENG"]
[Date "2015.04.11"]
[Round "1.75"]
[White "Bull, Phil"]
[Black "Morton, Peter"]
[Result "1-0"]
[WhiteElo "165"]
[BlackElo "155"]
[PlyCount "87"]
[EventDate "2015.04.11"]
[WhiteTeam "Wolverhampton"]
[BlackTeam "GLCC 2"]

1. d4 e6 2. e3 f5 3. f4 Nf6 4. Nf3 Be7 5. Bd3 O-O 6. O-O b6 7. Qe2 Bb7 8. Nbd2
Nc6 9. Ng5 Qe8 10. Ndf3 Nd8 11. e4 fxe4 12. Nxe4 Nxe4 13. Bxe4 Bxe4 14. Qxe4
Nf7 15. Bd2 Nd6 16. Qe2 Bf6 17. Rae1 Nf5 18. c3 g6 19. g4 Nd6 20. g5 Bg7 21.
Qd3 Rf7 22. Re2 Qf8 23. Nh4 Nf5 24. Ng2 Qd6 25. Qf3 Rd8 26. Qg4 Qd5 27. a3 c5
28. dxc5 Qxc5+ 29. Kh1 Qb5 30. Bc1 Qd5 31. Qf3 Qb5 32. Rd1 Re8 33. Red2 Bf8 34.
Rd3 a6 35. Ne3 Nh4 36. Qe4 d5 37. Qd4 Nf3 38. c4 dxc4 39. Qxc4 Qxc4 40. Nxc4
Nh4 41. Nxb6 e5 42. fxe5 Rxe5 43. Nd5 Nf3 44. Nf6+ 1-0

[Event "Nat. Club Intermediate"]
[Site "Birmingham ENG"]
[Date "2015.04.11"]
[Round "1.76"]
[White "Chauhan, Anurag"]
[Black "Hunt, Jonathan B"]
[Result "1/2-1/2"]
[WhiteElo "152"]
[BlackElo "152"]
[PlyCount "67"]
[EventDate "2015.04.11"]
[WhiteTeam "GLCC 2"]
[BlackTeam "Wolverhampton"]

1. e4 c5 2. Nf3 g6 3. d4 cxd4 4. Nxd4 Bg7 5. Be3 Nc6 6. Nc3 Nf6 7. Be2 O-O 8.
O-O Nxd4 9. Bxd4 d6 10. f4 Qa5 11. b4 Qc7 12. Nd5 Nxd5 13. Bxg7 Kxg7 14. exd5
Bf5 15. Qd4+ Kg8 16. c3 Rfe8 17. Bd3 Bxd3 18. Qxd3 Rac8 19. Rf3 Qc4 20. Qd2 Rc7
21. f5 Kg7 22. Re1 Rec8 23. Rh3 h5 24. fxg6 fxg6 25. Re6 Rf8 26. Re1 Rf5 27.
Rhe3 Rf7 28. Re6 Qxc3 29. Qxc3+ Rxc3 30. Rxe7 Rd3 31. Rxf7+ Kxf7 32. Rf1+ Ke7
33. Re1+ Kf7 34. Rf1+ 1/2-1/2

[Event "Nat. Club Intermediate"]
[Site "Birmingham ENG"]
[Date "2015.04.11"]
[Round "1.77"]
[White "Wood, Frank"]
[Black "Punjabi, Ronak"]
[Result "1/2-1/2"]
[WhiteElo "136"]
[BlackElo "140"]
[PlyCount "88"]
[EventDate "2015.04.11"]
[WhiteTeam "Wolverhampton"]
[BlackTeam "GLCC 2"]

1. e4 e5 2. Nc3 Nf6 3. Bc4 Bc5 4. d3 h6 5. f4 Nc6 6. Nf3 d6 7. Na4 Bb6 8. Nxb6
axb6 9. a3 Qe7 10. O-O Bg4 11. h3 Bh5 12. g4 Bg6 13. f5 Bh7 14. c3 g6 15. Bd2
gxf5 16. exf5 h5 17. g5 Nd7 18. f6 Qf8 19. Kh2 Nc5 20. d4 Ne4 21. Qe2 Nxd2 22.
Nxd2 Bg6 23. h4 Kd7 24. d5 Na5 25. Ba2 Re8 26. b4 Ra8 27. bxa5 Rxa5 28. Bc4 Qe8
29. Nb3 Ra8 30. Qe3 Kc8 31. Nd2 Ra4 32. Qh3+ Kb8 33. Bb3 Rg4 34. Bd1 Rf4 35.
Rxf4 exf4 36. Qf3 Qe1 37. Qxf4 Bc2 38. g6 Rg8 39. Bxc2 Qxa1 40. g7 Rc8 41. Be4
Qe1 42. Qg5 Ka7 43. g8=Q Rxg8 44. Qxg8 Qxd2+ {Illegal move played here. Game
continued: 44... Qxf7 45. Qxf7 Qf4 46. Kh3 Qxe4 47. Qxh5} 1/2-1/2

[Event "Nat. Club Intermediate"]
[Site "Birmingham ENG"]
[Date "2015.04.11"]
[Round "1.85"]
[White "Darling, Tom"]
[Black "Kinder, Andrew S"]
[Result "1-0"]
[WhiteElo "154"]
[BlackElo "147"]
[PlyCount "74"]
[EventDate "2015.04.11"]
[WhiteTeam "Leamington"]
[BlackTeam "Newton Abbot 2"]

1. e4 c5 2. d4 cxd4 3. c3 Nf6 4. e5 Nd5 5. Nf3 e6 6. Bc4 Nb6 7. Bb3 d6 8. O-O
dxc3 9. Nxc3 d5 10. Bg5 Be7 11. Bxe7 Qxe7 12. Nd4 a6 13. Qg4 Nc6 14. Nxc6 bxc6
15. Qxg7 Rf8 16. Qxh7 Bb7 17. Na4 Nd7 18. f4 O-O-O 19. Qc2 Rh8 20. g3 Rdg8 21.
Rf2 Qh4 22. Rg2 Qe7 23. Rc1 Qb4 24. Nc5 Qb6 25. Kh1 Ba8 26. Nxd7 Kxd7 27. Qc5
Qxc5 28. Rxc5 Rb8 29. Ba4 Rb4 30. b3 Rhb8 31. Rgc2 R8b6 32. h4 Re4 33. h5 Ke7
34. Kg2 Kf8 35. Kf3 Kg7 36. Bxc6 Bxc6 37. Rxc6 Kh6 1-0

[Event "Nat. Club Intermediate"]
[Site "Birmingham ENG"]
[Date "2015.04.11"]
[Round "1.86"]
[White "Taylor, Wilfred RP"]
[Black "Collins, Andrew"]
[Result "0-1"]
[WhiteElo "142"]
[BlackElo "141"]
[PlyCount "123"]
[EventDate "2015.04.11"]
[WhiteTeam "Newton Abbot 2"]
[BlackTeam "Leamington"]

1. e4 c5 2. d4 cxd4 3. c3 dxc3 4. Nxc3 Nc6 5. Nf3 d6 6. Bc4 e6 7. O-O Bd7 8.
Qe2 Be7 9. Rd1 a6 10. Be3 Nf6 11. Rac1 O-O 12. a4 Ng4 13. Bf4 Nge5 14. Ba2
Nxf3+ 15. Qxf3 e5 16. Be3 Nb4 17. Bd5 Nxd5 18. Nxd5 Bxa4 19. Rd3 Bc6 20. Bb6
Qd7 21. Qh5 Rac8 22. Rh3 h6 23. Be3 Bxd5 24. Rxc8 Rxc8 25. exd5 Qa4 26. g3 Qe4
27. Bxh6 Qe1+ 28. Kg2 Qe4+ 29. Kg1 g6 30. Qd1 Qf5 31. g4 Qc2 32. Rd3 Qxd1+ 33.
Rxd1 Rc2 34. Bc1 Bh4 35. f3 Bf2+ 36. Kf1 Bd4 37. b4 Rf2+ 38. Ke1 Rxh2 39. Ba3
Rh1+ 40. Ke2 Rxd1 41. Kxd1 b5 42. Kd2 Kg7 43. Kd3 Kh6 44. Bc1+ g5 45. Bd2 Kg6
46. Ke4 f6 47. Be1 Bb2 48. Bd2 Kf7 49. Kf5 Ba3 50. Bc3 Ke7 51. Bd2 Bb2 52. Be1
Bd4 53. Bd2 Kd7 54. Kxf6 e4+ 55. Kxg5 exf3 56. Be1 f2 57. Bxf2 Bxf2 58. Kf5 Be1
59. g5 Bxb4 60. g6 a5 61. Ke4 a4 62. Kd3 0-1

[Event "Nat. Club Intermediate"]
[Site "Birmingham ENG"]
[Date "2015.04.11"]
[Round "1.87"]
[White "Madden, Jason D"]
[Black "Ramesh, Vignesh"]
[Result "1-0"]
[WhiteElo "127"]
[BlackElo "138"]
[PlyCount "53"]
[EventDate "2015.04.11"]
[WhiteTeam "Leamington"]
[BlackTeam "Newton Abbot 2"]

1. e4 e5 2. Nf3 Nc6 3. Bb5 a6 4. Ba4 Nf6 5. d3 b5 6. Bb3 Bc5 7. O-O O-O 8. Nc3
h6 9. h3 Bb7 10. a3 Nd4 11. Nxd4 Bxd4 12. Ne2 Bb6 13. Ng3 d5 14. Qf3 c5 15.
exd5 Nxd5 16. c4 e4 17. Nxe4 Nc7 18. Qg3 Bxe4 19. dxe4 Qf6 20. e5 Qc6 21. Bf4
bxc4 22. Bxc4 Nd5 23. Bxd5 Qxd5 24. Bxh6 g6 25. Bxf8 Kxf8 26. Rad1 Qe6 27. Rd6
1-0

[Event "Nat. Club Intermediate"]
[Site "Birmingham ENG"]
[Date "2015.04.11"]
[Round "1.95"]
[White "Crockett, Stephen J"]
[Black "Armstrong, William G"]
[Result "1-0"]
[WhiteElo "120"]
[BlackElo "151"]
[PlyCount "65"]
[EventDate "2015.04.11"]
[WhiteTeam "Redditch 1"]
[BlackTeam "Braille C.A. 1"]

1. c4 Nf6 2. Nf3 g6 3. g3 Bg7 4. Bg2 c5 5. O-O O-O 6. Nc3 d6 7. d4 Nbd7 8. d5
Nb6 9. Qd3 Bg4 10. h3 Bxf3 11. exf3 Qd7 12. Ne4 Ne8 13. Rb1 h6 14. f4 f5 15.
Nd2 Nc7 16. Re1 Rae8 17. b3 e5 18. dxe6 Nxe6 19. Bd5 Kh8 20. Bb2 Bxb2 21. Bxe6
Rxe6 22. Rxe6 Qxe6 23. Rxb2 d5 24. cxd5 Nxd5 25. Nf3 Qf6 26. Ne5 Nb6 27. Rd2
Kg7 28. Qb5 Qe7 29. Qa5 c4 30. bxc4 Rd8 31. Rxd8 Qxd8 32. Qxa7 Qc7 33. Qa5 1-0

[Event "Nat. Club Intermediate"]
[Site "Birmingham ENG"]
[Date "2015.04.11"]
[Round "1.96"]
[White "Burnell, Steve"]
[Black "Wiggins, Andrew S"]
[Result "1/2-1/2"]
[WhiteElo "147"]
[BlackElo "129"]
[PlyCount "66"]
[EventDate "2015.04.11"]
[WhiteTeam "Braille C.A. 1"]
[BlackTeam "Redditch 1"]

1. d4 Nf6 2. c4 e6 3. Nf3 d5 4. Bf4 c5 5. cxd5 Nxd5 6. Bg3 cxd4 7. Qa4+ Bd7 8.
Qxd4 Nc6 9. Qd1 Rc8 10. a3 Qa5+ 11. Nbd2 Be7 12. e3 Bf6 13. Bd3 O-O 14. O-O Qc5
15. Ne4 Qe7 16. Bd6 Qd8 17. Nxf6+ Qxf6 18. Bxf8 Kxf8 19. Qd2 Nce7 20. Rfc1 Nc6
21. Rab1 Rd8 22. b4 a6 23. b5 axb5 24. Bxb5 h6 25. Bxc6 Bxc6 26. Nd4 Ne7 27.
Qb4 Bd5 28. Rc7 Re8 29. Rbc1 Qg6 30. f3 Qg5 31. Kh1 Qxe3 32. Rc8 Bc6 33. Rxe8+
Kxe8 1/2-1/2

[Event "Nat. Club Intermediate"]
[Site "Birmingham ENG"]
[Date "2015.04.11"]
[Round "1.97"]
[White "Smith, David"]
[Black "Andrews, Norman G"]
[Result "0-1"]
[WhiteElo "121"]
[BlackElo "144"]
[PlyCount "42"]
[EventDate "2015.04.11"]
[WhiteTeam "Redditch 1"]
[BlackTeam "Braille C.A. 1"]

1. d4 d5 2. c4 c6 3. Nc3 Nf6 4. Bg5 e6 5. Nf3 Nbd7 6. e3 Bd6 7. c5 Bc7 8. Bd3
O-O 9. O-O h6 10. Bh4 Re8 11. e4 g5 12. e5 gxh4 13. exf6 Qxf6 14. Re1 Kf8 15.
Bc2 e5 16. dxe5 Nxe5 17. Kh1 Bg4 18. Nxe5 Bxd1 19. Nd7+ Kg7 20. Rxe8 Rxe8 21.
Rxd1 Qxf2 0-1

[Event "Nat. Club Intermediate"]
[Site "Birmingham ENG"]
[Date "2015.04.11"]
[Round "2.55"]
[White "Ali, Golam S"]
[Black "Darling, Tom"]
[Result "1/2-1/2"]
[WhiteElo "154"]
[BlackElo "154"]
[PlyCount "106"]
[EventDate "2015.04.11"]
[WhiteTeam "Sutton Coldfield 2"]
[BlackTeam "Leamington"]

1. d4 d5 2. c4 e5 3. Nf3 Nc6 4. cxd5 Qxd5 5. Nc3 Qa5 6. d5 e4 7. Ng5 Ne5 8. Qd4
Ng6 9. Qxe4+ Be7 10. Bd2 Nf6 11. Qc4 Qc5 12. e4 Ng4 13. Nh3 O-O 14. Nb5 c6 15.
Nc3 N4e5 16. Qxc5 Bxc5 17. Nf4 Bd7 18. Be2 Rae8 19. O-O f5 20. Nxg6 Nxg6 21.
dxc6 Bxc6 22. Bc4+ Kh8 23. exf5 Rxf5 24. Bd3 Rf7 25. Bxg6 hxg6 26. Rae1 Rxe1
27. Bxe1 Rd7 28. h4 b5 29. a3 b4 30. axb4 Bxb4 31. f4 a5 32. Kh2 Re7 33. Bd2
Bxc3 34. Bxc3 Re2 35. Re1 Rxe1 36. Bxe1 a4 37. g4 Bd7 38. Kg3 Kh7 39. Bc3 Bc8
40. Kf3 Bd7 41. g5 Bf5 42. Ke3 Kg8 43. Kd4 Kf7 44. Ke5 Bc2 45. Bb4 Bb1 46. Bd6
Bc2 47. Ba3 Bb1 48. Kd6 Bc2 49. Bc5 Bb1 50. Bd4 Bc2 51. Ke5 Bb1 52. h5 gxh5 53.
f5 g6 1/2-1/2

[Event "Nat. Club Intermediate"]
[Site "Birmingham ENG"]
[Date "2015.04.11"]
[Round "2.56"]
[White "Collins, Andrew"]
[Black "Mildenhall, John"]
[Result "1-0"]
[WhiteElo "141"]
[BlackElo "158"]
[PlyCount "105"]
[EventDate "2015.04.11"]
[WhiteTeam "Leamington"]
[BlackTeam "Sutton Coldfield 2"]

1. e4 e6 2. d4 d5 3. Nd2 Nf6 4. e5 Nfd7 5. Ndf3 c5 6. c3 Nc6 7. Bd3 Qb6 8. Ne2
Be7 9. O-O O-O 10. Bc2 f5 11. Nf4 Nd8 12. h3 Qc7 13. a4 b6 14. Ne2 Nf7 15. Bxf5
exf5 16. e6 Nf6 17. exf7+ Rxf7 18. Ne5 Rf8 19. Nf4 Qd6 20. Re1 c4 21. Bd2 Ne4
22. f3 Nxd2 23. Qxd2 Bg5 24. g3 Qh6 25. h4 Bxf4 26. Qxf4 Qxf4 27. gxf4 Rf6 28.
Kg2 Be6 29. Re2 Rc8 30. Rae1 g6 31. Kg3 Kg7 32. Kf2 Rc7 33. Nxg6 hxg6 34. Rxe6
Kf7 35. Re8 Rd6 36. Rh8 Rdd7 37. Re5 Kg7 38. Rhe8 Kf7 39. Kg3 Rc6 40. h5 gxh5
41. Kh4 Kg6 42. R8e6+ Rxe6 43. Rxe6+ Kf7 44. Rh6 Re7 45. Rh7+ Kf6 46. Rxe7 Kxe7
47. Kxh5 Kf6 48. Kh6 a6 49. Kh5 a5 50. Kh6 Ke6 51. Kg6 Kd6 52. Kxf5 Kc6 53. Ke6
1-0

[Event "Nat. Club Intermediate"]
[Site "Birmingham ENG"]
[Date "2015.04.11"]
[Round "2.57"]
[White "Brown, Noel A"]
[Black "Madden, Jason D"]
[Result "1-0"]
[WhiteElo "134"]
[BlackElo "127"]
[PlyCount "107"]
[EventDate "2015.04.11"]
[WhiteTeam "Sutton Coldfield 2"]
[BlackTeam "Leamington"]

1. e4 e6 2. Nf3 d5 3. Nc3 Bb4 4. exd5 Bxc3 5. dxc3 exd5 6. c4 Qe7+ 7. Qe2 Qxe2+
8. Bxe2 dxc4 9. Bxc4 Ne7 10. Bg5 Ng6 11. h4 h6 12. Be3 Nc6 13. h5 Nge5 14. Nxe5
Nxe5 15. Bb3 O-O 16. O-O-O Ng4 17. Bc5 Re8 18. f3 Nf6 19. Bd4 Nh7 20. Bc3 Ng5
21. Bc4 Be6 22. Bd3 c6 23. f4 Nh7 24. Rde1 Bg4 25. Kd2 Rad8 26. Rxe8+ Rxe8 27.
Rh4 Be6 28. f5 Bd5 29. Rg4 f6 30. Bd4 a6 31. Be3 Kf7 32. c4 Bxg2 33. Rxg2 Nf8
34. c5 Nd7 35. Bc4+ Kf8 36. Be6 Ne5 37. Bf4 Rd8+ 38. Kc2 Nf3 39. Rg3 Nd4+ 40.
Kb1 Nb5 41. Bd6+ Nxd6 42. cxd6 Rxd6 43. Kc2 b6 44. Rd3 Rxd3 45. Kxd3 Ke7 46. b4
Kd6 47. Bc8 a5 48. bxa5 bxa5 49. Kc4 Kc7 50. Be6 Kb7 51. a4 Kc7 52. Kc5 Kb7 53.
Bd7 Kc7 54. Bxc6 1-0

[Event "Nat. Club Intermediate"]
[Site "Birmingham ENG"]
[Date "2015.04.11"]
[Round "2.65"]
[White "Armstrong, William G"]
[Black "Paul, Nathanael"]
[Result "0-1"]
[WhiteElo "151"]
[BlackElo "169"]
[PlyCount "106"]
[EventDate "2015.04.11"]
[WhiteTeam "Braille C.A. 1"]
[BlackTeam "Newport (Salop)"]

1. e4 c6 2. d4 d5 3. e5 Bf5 4. Nd2 e6 5. g4 Bg6 6. Nh3 c5 7. Bb5+ Nd7 8. c3 Ne7
9. Nf4 cxd4 10. cxd4 Rc8 11. Qa4 a6 12. Bxd7+ Qxd7 13. Qxd7+ Kxd7 14. O-O Nc6
15. Nxg6 hxg6 16. Nb3 Be7 17. Bf4 Nb4 18. Rfd1 Rc2 19. Rd2 Rhc8 20. a3 Rxd2 21.
Bxd2 Nd3 22. Bc3 Rc6 23. Na5 Rc7 24. Rd1 Nf4 25. Kf1 g5 26. Rc1 b6 27. Nb3 Rc8
28. Bd2 Rh8 29. Bxf4 gxf4 30. Kg1 Rh3 31. Na1 Rd3 32. Nc2 a5 33. Kf1 f3 34. Ne1
Rxd4 35. Nxf3 Rxg4 36. Rc3 Bc5 37. Rd3 Rf4 38. Kg2 Ke7 39. Kg3 Rc4 40. Rd2 a4
41. h3 b5 42. Ne1 b4 43. Rd3 bxa3 44. bxa3 Rc1 45. Nf3 Rc2 46. Nd4 Bxd4 47.
Rxd4 Rc3+ 48. f3 Rxa3 49. Rb4 g6 50. Rb7+ Kf8 51. Ra7 Kg7 52. Kf4 g5+ 53. Kxg5
Rxf3 0-1

[Event "Nat. Club Intermediate"]
[Site "Birmingham ENG"]
[Date "2015.04.11"]
[Round "2.66"]
[White "Maydew, Simon"]
[Black "Burnell, Steve"]
[Result "1/2-1/2"]
[WhiteElo "148"]
[BlackElo "147"]
[PlyCount "36"]
[EventDate "2015.04.11"]
[WhiteTeam "Newport (Salop)"]
[BlackTeam "Braille C.A. 1"]

1. d4 d5 2. Nf3 Nf6 3. e3 c5 4. dxc5 Qa5+ 5. Nbd2 Qxc5 6. a3 Bf5 7. c4 dxc4 8.
Bxc4 e6 9. O-O Nbd7 10. b4 Qb6 11. Bb2 Be7 12. Qb3 O-O 13. h3 Rfc8 14. Rac1 a5
15. Bc3 axb4 16. axb4 h6 17. Nd4 Bg6 18. N4f3 Kh8 1/2-1/2

[Event "Nat. Club Intermediate"]
[Site "Birmingham ENG"]
[Date "2015.04.11"]
[Round "2.67"]
[White "Andrews, Norman G"]
[Black "Lewis, Christopher"]
[Result "0-1"]
[WhiteElo "144"]
[BlackElo "153"]
[PlyCount "54"]
[EventDate "2015.04.11"]
[WhiteTeam "Braille C.A. 1"]
[BlackTeam "Newport (Salop)"]

1. e4 c6 2. d4 d5 3. Nc3 dxe4 4. Nxe4 Bf5 5. Ng3 Bg6 6. Nf3 e6 7. Bd3 Nf6 8.
O-O Bd6 9. Re1 Nbd7 10. Bg5 Qc7 11. Bxf6 Nxf6 12. Bxg6 hxg6 13. Ne5 O-O-O 14.
Qe2 Rh4 15. c3 Rdh8 16. h3 Nh5 17. Nxh5 R4xh5 18. Nxg6 fxg6 19. Qxe6+ Qd7 20.
Kf1 g5 21. Qg6 g4 22. Re6 R5h6 23. Qxg4 Rxe6 24. d5 cxd5 25. c4 Re4 26. Qf3
Rhe8 27. cxd5 Qb5+ 0-1

[Event "Nat. Club Intermediate"]
[Site "Birmingham ENG"]
[Date "2015.04.11"]
[Round "2.68"]
[White "Paul, Christopher"]
[Black "Blencowe, Ian P"]
[Result "0-1"]
[WhiteElo "122"]
[BlackElo "132"]
[PlyCount "100"]
[EventDate "2015.04.11"]
[WhiteTeam "Newport (Salop)"]
[BlackTeam "Braille C.A. 1"]

1. d4 d5 2. Nf3 c6 3. e3 Bf5 4. Nc3 e6 5. Bd3 Bxd3 6. Qxd3 Nd7 7. b3 Ngf6 8.
Bb2 Bd6 9. O-O O-O 10. Rfe1 Qe7 11. Ne2 Ba3 12. Bxa3 Qxa3 13. Ng3 Rfe8 14. e4
dxe4 15. Nxe4 Nxe4 16. Rxe4 Nf6 17. Rh4 g6 18. g4 Rad8 19. Qe3 Qf8 20. g5 Nd5
21. Qe1 Qb4 22. Qe5 Qd6 23. Qxd6 Rxd6 24. c4 Ne7 25. Rd1 Nf5 26. Rg4 Red8 27.
c5 Rd5 28. Re4 Rxc5 29. dxc5 Rxd1+ 30. Kg2 Ne7 31. Ne5 Nd5 32. a3 Rb1 33. b4
Rb3 34. Nc4 Rd3 35. Kg1 Kg7 36. Kg2 b6 37. cxb6 axb6 38. Ne5 Rxa3 39. Nxc6 h5
40. gxh6+ Kxh6 41. Nd8 Kg7 42. Nc6 Rc3 43. Ne5 f5 44. Rd4 Kf6 45. Nd7+ Kg7 46.
Ne5 Rc2 47. Kf3 g5 48. h3 Rc3+ 49. Kg2 Nf4+ 50. Kf1 Rc1+ 0-1

[Event "Nat. Club Intermediate"]
[Site "Birmingham ENG"]
[Date "2015.04.11"]
[Round "2.75"]
[White "Smith, Simon C"]
[Black "Bull, Phil"]
[Result "1/2-1/2"]
[WhiteElo "172"]
[BlackElo "165"]
[PlyCount "97"]
[EventDate "2015.04.11"]
[WhiteTeam "Warley Quinborne"]
[BlackTeam "Wolverhampton"]

1. c4 d5 2. cxd5 Qxd5 3. Nc3 Qd8 4. d4 c6 5. e4 Nf6 6. Nf3 Bg4 7. Be3 e6 8. Bd3
Bb4 9. O-O Nbd7 10. a3 Be7 11. Re1 Nf8 12. Rc1 Ng6 13. h3 Bxf3 14. Qxf3 O-O 15.
Rc2 Qd7 16. e5 Nd5 17. Nxd5 cxd5 18. Rec1 Rfc8 19. Bb5 Qd8 20. Qd1 a6 21. Bd3
Qd7 22. Bd2 Bf8 23. Ba5 Qa4 24. Bb4 Qd7 25. Bxg6 hxg6 26. Bxf8 Kxf8 27. Qd2 Ke8
28. Rc3 Ke7 29. Qg5+ Kf8 30. Qd2 Ke7 31. Qc2 Kd8 32. f4 Rxc3 33. Qxc3 Rc8 34.
Qxc8+ Qxc8 35. Rxc8+ Kxc8 36. Kf2 Kd7 37. Ke3 Kc6 38. Kd3 Kb5 39. b3 a5 40. g4
Kc6 41. Kc3 b5 42. b4 a4 43. Kd3 Kd7 44. Ke3 Ke7 45. g5 f5 46. exf6+ gxf6 47.
h4 f5 48. Kf3 Kf7 49. Kg3 1/2-1/2